000 00474nmm a2200169Ia 4500
008 251105s9999||||xx |||||||||||||||||und||
020 _a9788425225161
041 _aspa
100 _aGrose, Virginia
245 0 _aMerchandising de moda
264 _a[Madrid, España] :
_bEditorial Gustavo Gili,
_c2012
300 _a185 páginas
490 _aModa y gestión
650 _aDesign and fashion
856 _uhttps://public.digitaliapublishing.com/a/41337
942 _cCF
999 _c80264
_d80264